000 00733nam a2200241Ia 4500
003 OSt
005 20220923214541.0
006 a|||||r|||| 00| 0
007 ta
008 220922b |||||||| |||| 00| 0 hin d
024 _a170,690
037 _cTextual
040 _aARTS
_cARTS
_bhin
041 _2hin
_ahin
082 _aO142,3M60,RA, 152J8
100 _aअश्क, उपेन्द्रनाथ, अनु.
_9163369
245 0 _aरंगसाज
246 _aRangasāja
260 _c1958
650 _aहिन्दी साहित्य
_9156264
942 _hO142,3M60,RA, 152J8
_cTEXL
_2CC
999 _c324974
_d324974